| 000 | 00809nam a2200217 i 4500 | ||
|---|---|---|---|
| 001 | 178984 | ||
| 003 | ES-MaACL | ||
| 005 | 20250808091543.0 | ||
| 008 | 110817s1909 fr |||| | fre d | ||
| 245 | 0 | 0 |
_aLe droit de grève _b: leçons professées à l'Ecole des Hautes études sociales / _cpar MM. Ch. Gide, H. Berthélemy, P. Bureau...[et al.]. |
| 260 |
_aParis : _bFélix Alcan, _c1909. |
||
| 300 |
_aX, 270 p. ; _c22 cm. |
||
| 490 | 1 |
_aBibliothèque générale des sciences sociales ; _v31 |
|
| 650 | 7 |
_aDerecho de huelga _2embne _9147624 |
|
| 700 | 1 |
_aGide, Charles. _956675 |
|
| 700 | 0 |
_aBerthélemy, Henry. _928440 |
|
| 700 | 0 |
_aBureau, Paul. _932600 |
|
| 830 | 0 | 0 |
_aBibliothèque générale des sciences sociales _v31 _9187778 |
| 852 |
_aES-MaACL _jC-23111 |
||
| 999 |
_c178984 _d178984 |
||